[Event "LAT-chT"]
[Site "Riga"]
[Date "2018.12.15"]
[Round "8.2"]
[White "Laurusas, Tomas"]
[Black "Grivnieks, Alberts"]
[Result "1-0"]
[WhiteElo "2494"]
[BlackElo "1991"]
[PlyCount "61"]
[EventDate "2018.06.09"]
[EventType "team-tourn"]
[EventRounds "11"]
[EventCountry "LAT"]
[SourceTitle "CBM 189 Extra"]
[Source "ChessBase"]
[SourceDate "2019.06.03"]
[SourceVersion "1"]
[SourceVersionDate "2019.06.03"]
[SourceQuality "1"]
[WhiteTeam "Termo Eko/RSF"]
[BlackTeam "Rigas Saha School M"]
[WhiteTeamCountry "LAT"]
[BlackTeamCountry "LAT"]

1. c4 e5 2. Nc3 Nf6 3. Nf3 Nc6 4. d4 exd4 5. Nxd4 Bb4 6. Bg5 h6 7. Bh4 Ne5 8. Qb3 Bxc3+ 9. Qxc3 d6 10. f3 Qe7 11. Qc2 g5 12. Bf2 d5 13. cxd5 Nxd5 14. e4 Nb4 15. Qc3 f6 16. a3 Nbc6 17. Nxc6 Nxc6 18. Rc1 Rh7 19. Qb3 Rg7 20. Be2 Ne5 21. 0-0 c6 22. Bc5 Qf7 23. Qc3 Qg6 24. Bd6 Nf7 25. Rcd1 Be6 26. Qb4 0-0-0 27. Bg3 f5 28. Ba6 Rd7 29. Bxb7+ Rxb7 30. Qf8+ Nd8 31. Rxd8# 1-0

[Event "EU-ch U18 28th"]
[Site "Riga"]
[Date "2018.08.21"]
[Round "2"]
[White "Pols, Wiggert"]
[Black "Grivnieks, Alberts"]
[Result "0-1"]
[WhiteElo "2177"]
[BlackElo "1917"]
[PlyCount "158"]
[EventDate "2018.08.20"]
[EventType "swiss"]
[EventRounds "9"]
[EventCountry "LAT"]
[SourceTitle "CBM 186 Extra"]
[Source "ChessBase"]
[SourceDate "2018.08.24"]
[SourceVersion "1"]
[SourceVersionDate "2018.08.24"]
[SourceQuality "1"]

1. Nf3 Nf6 2. g3 d5 3. Bg2 e6 4. 0-0 Be7 5. d4 0-0 6. c4 c6 7. Nc3 Nbd7 8. b3 Re8 9. Qc2 Bb4 10. Bb2 Qe7 11. e3 Ba3 12. Rfd1 Bxb2 13. Qxb2 a6 14. Rac1 b5 15. cxb5 cxb5 16. Ne2 Qd6 17. Nf4 Bb7 18. Nd3 Rac8 19. b4 Red8 20. Nfe5 Qb8 21. f4 Nxe5 22. fxe5 Nd7 23. Bf1 Nb6 24. Nc5 Nc4 25. Qc3 Qc7 26. Ra1 Ra8 27. a4 Bc6 28. Rdc1 Qe7 29. Rc2 Qg5 30. Re1 Rdb8 31. a5 Ra7 32. Rf2 Rf8 33. Bd3 Bd7 34. Rf4 Bc8 35. e4 Re7 36. exd5 exd5 37. Ref1 Rfe8 38. Qe1 h6 39. h4 Qh5 40. Qf2 Bh3 41. Bc2 g5 42. Bd1 Qg6 43. Rf6 Qg7 44. hxg5 Bxf1 45. gxh6 Qg5 46. Kxf1 Ne3+ 47. Ke1 Nxd1 48. Kxd1 Qh5+ 49. Kd2 Kh7 50. Qe2 Qg5+ 51. Rf4 Qxg3 52. Qd3+ Qxd3+ 53. Kxd3 Kxh6 54. Rf6+ Kg5 55. Nxa6 Rh8 56. Rb6 Rh3+ 57. Kc2 Rh2+ 58. Kb3 f5 59. Rxb5 f4 60. Nc5 f3 61. Nd3 Kf5 62. a6 Ra7 63. Rb7 Rxa6 64. Rf7+ Kg4 65. Rg7+ Kh3 66. b5 Rb6 67. Kb4 Rc2 68. Rh7+ Kg3 69. Rg7+ Kh2 70. Ka5 Rb8 71. b6 Rc3 72. Rh7+ Kg1 73. Rg7+ Kf1 74. Nc5 f2 75. Rf7 Ke2 76. Ka6 Ra3+ 77. Kb5 Rf3 78. Rxf3 Kxf3 79. Nb3 f1Q+ 0-1